[Event "Alicante op"]
[Site "Alicante"]
[Date "1997.??.??"]
[Round "5"]
[White "Arizmendi Martinez, Julen Luis"]
[Black "Serrano Marhuenda, Salvador"]
[Result "1-0"]
[WhiteElo "2430"]
[BlackElo "2230"]

1.e4 c5 2.Nf3 e6 3.d4 cxd4 4.Nxd4 a6 5.Nc3 Qc7 6.g3 Nf6 7.Bg2 Nc6 8.O-O Be7
9.Re1 Nxd4 10.e5 Nc6 11.exf6 gxf6 12.Qg4 b5 13.Qg7 Rf8 14.Bh6 Bb7 15.Nd5 Qd6
16.Rad1  1-0

[Event "Ankara"]
[Site "Ankara"]
[Date "1997.??.??"]
[Round "4"]
[White "Soylu, Suat"]
[Black "Ipek, Ali"]
[Result "1/2-1/2"]
[WhiteElo "2395"]
[BlackElo "2300"]

1.e4 c5 2.Nf3 e6 3.d4 cxd4 4.Nxd4 a6 5.Nc3 Qc7 6.g3 Bb4 7.Ne2 b5 8.Bg2 Bb7
9.O-O Nf6 10.Bf4 e5 11.Bg5 Be7 12.Qd2 d6 13.Bxf6 Bxf6 14.a4 bxa4 15.Rxa4 Nd7
16.Ra2 O-O 17.b3 h6 18.Nd5 Bxd5 19.Qxd5 Be7 20.Rfa1 Qb6 21.Qd2 Rfc8 22.Bh3 Bg5
23.Qd1 Nf6 24.Qd3 Rc6 25.Ra4 Ra7 26.c3 g6 27.b4 Kg7 28.b5 Rcc7 29.Rxa6 Rxa6
30.Rxa6 Qc5 31.Qxd6 Qxd6 32.Rxd6 Nxe4 33.Rd7 Rxd7 34.Bxd7 Bd8 35.Bc6 Nc5
36.c4 Ba5 37.f4 f6 38.Kg2 Kf7 39.Kf3 Ke7 40.fxe5 fxe5 41.Be4 Kf6 42.Bd5 h5
43.Be4 Ne6 44.Bc6 Nc5 45.Be8 Kf5 46.Ng1 Kf6 47.Nh3 Kf5 48.Nf2 Nb3 49.Bd7+ Kf6
50.Ne4+ Ke7 51.Bc8 Bb6 52.Ke2 Bg1 53.h3 Bb6 54.Nc3 Kd6 55.Nd5 Ba7 56.h4 Nd4+
57.Kd3 Nxb5 58.Nf6 Nd4 59.Ne4+ Kc7 60.Bh3 Nb3  1/2-1/2

[Event "Ano Liosia op"]
[Site "Ano Liosia"]
[Date "1997.??.??"]
[Round "5"]
[White "Vouldis, Angelos"]
[Black "Kobalija, Mihail"]
[Result "1/2-1/2"]
[WhiteElo "2410"]
[BlackElo "2545"]

1.e4 c5 2.Nf3 e6 3.d4 cxd4 4.Nxd4 a6 5.Nc3 b5 6.Bd3 d6 7.O-O Nf6 8.Bg5 Be7
9.a4 b4 10.Na2 Qb6 11.Qd2 a5 12.Nb5 O-O 13.c3 bxc3 14.Naxc3 Na6 15.Rad1 Rd8
16.Bc2 Bb7 17.Qf4 Nb4 18.Bb1 Qc5 19.Qh4 h6 20.Be3 Qc6 21.f3 e5 22.Qg3 Kh8
23.Rc1 Qd7 24.Rfd1 Ra6 25.Rd2 Rc8 26.Rcd1 Qe6 27.Nd5 Bxd5 28.exd5 Qd7 29.Nc3 Bd8
30.Qf2 Rb8 31.h3 Bb6 32.Bxb6 Raxb6 33.f4 exf4 34.Qxf4 Na6 35.Bd3 Rxb2 36.Bxa6 Rxd2
37.Rxd2 Qa7+ 38.Rf2 Qxa6 39.Nb5 Kg8 40.Nxd6 Rd8 41.Nf5  1/2-1/2

[Event "Ano Liosia op"]
[Site "Ano Liosia"]
[Date "1997.??.??"]
[Round "6"]
[White "Cela, Altin"]
[Black "Gadjilu, Rauf"]
[Result "0-1"]
[WhiteElo "2450"]
[BlackElo "2290"]

1.e4 c5 2.Nf3 e6 3.d4 cxd4 4.Nxd4 a6 5.Nc3 Qc7 6.Be2 b5 7.O-O Bb7 8.Re1 Nf6
9.Bf3 d6 10.Bf4 e5 11.Nd5 Nxd5 12.exd5 Be7 13.Nf5 Bf6 14.Qd2 O-O 15.Bg5 Bxg5
16.Qxg5 f6 17.Qd2 g6 18.Ne3 Nd7 19.Rec1 a5 20.a4 bxa4 21.Rxa4 Nc5 22.Ra3 f5
23.Rca1 a4 24.Be2 f4 25.Nc4 Ba6 26.b4 axb3 27.cxb3 Bb7 28.Rxa8 Rxa8 29.Rd1 Nxb3
30.Qb4 Nc5 31.h4 Ra4 32.Qb5 Kf7 33.Nxe5+ dxe5 34.Rc1 Ra5 35.Rxc5 Qxc5 36.Qxb7+ Qe7
37.Qb1 Kg7 38.Bf3 Ra4 39.h5 e4 40.Bg4 Qe5 41.Qb7+ Kh6 42.hxg6 hxg6 43.Qf7 e3
44.Qf8+ Kg5 45.Qd8+ Kxg4 46.Qd7+ Kg5  0-1

[Event "BEL-chT 9798"]
[Site "Antwerp"]
[Date "1997.??.??"]
[Round "4"]
[White "Ahn, Martin"]
[Black "Thoeng, Paulus"]
[Result "1-0"]
[WhiteElo "2310"]
[BlackElo "2285"]

1.e4 c5 2.Nf3 e6 3.d4 cxd4 4.Nxd4 a6 5.Nc3 b5 6.Bd3 Qb6 7.Nb3 Qc7 8.O-O Nf6
9.f4 Bb7 10.Qe2 d6 11.a4 b4 12.Nd1 Nbd7 13.Nf2 Be7 14.Bd2 e5 15.Bxb4 exf4
16.Nd4 Qb6 17.Bc3 Ne5 18.Kh1 g5 19.Nf5 h5 20.Bd4 Qc6 21.b4 h4 22.b5 Qc8 23.bxa6 Rxa6
24.Rfb1 Ra5 25.Rb6 h3 26.Rab1 hxg2+ 27.Kg1 f3 28.Qd2 Nxd3 29.cxd3 Rxf5 30.Rxb7 Nd7
31.exf5 Rh4 32.Qe3 Qc2 33.f6  1-0

[Event "BEL-chT 9798"]
[Site "Antwerp"]
[Date "1997.??.??"]
[Round "4"]
[White "Van de Plassche, Bas"]
[Black "Chuchelov, Vladimir"]
[Result "0-1"]
[WhiteElo "2325"]
[BlackElo "2525"]

1.e4 c5 2.Nf3 e6 3.d4 cxd4 4.Nxd4 a6 5.Nc3 b5 6.Bd3 Qb6 7.Nb3 Qc7 8.O-O Nf6
9.f4 Bb7 10.Qf3 d6 11.a4 b4 12.Ne2 Nbd7 13.Kh1 Be7 14.Bd2 d5 15.e5 Ne4 16.Be3 O-O
17.Qh3 Rae8 18.Nbd4 Ndc5 19.Rf3 Bc8 20.Bxe4 Nxe4 21.Qh5 g6 22.Qh6 f6 23.f5 exf5
24.Nf4 Bc5 25.exf6 Nxf6 26.Nxg6 Ng4 27.Qh5 Qf7 28.Nxf5 Qxg6 29.Qxg6+ hxg6
30.Bxc5 Rxf5 31.Bxb4 Re2 32.Re1 Rxf3 33.gxf3 Rxe1+ 34.Bxe1 Ne3  0-1

[Event "GER-ch U20 Girls"]
[Site "Apolda"]
[Date "1997.??.??"]
[Round "9"]
[White "Ludwig, Kristin"]
[Black "Eckhardt, Claudia"]
[Result "1/2-1/2"]
[WhiteElo "2045"]
[BlackElo "2140"]

1.e4 c5 2.Nf3 a6 3.d4 cxd4 4.Nxd4 e6 5.Nc3 Qc7 6.g3 b5 7.Bg2 Bb7 8.O-O Nc6
9.Nxc6 Qxc6 10.Be3 Nf6 11.f3 Bc5 12.Qe2 O-O 13.Rf2 d5 14.exd5 exd5 15.Bxc5 Qxc5
16.Qd3 Rfe8 17.Ne2 Re3 18.Qd2 Rae8 19.Nd4 Nd7 20.Bf1 Nb6 21.b3 Nd7 22.Kg2 h6
23.Re2 Rxe2+ 24.Bxe2 Nb8 25.Re1 Kf8 26.Nf5 Nc6 27.Nxh6 gxh6 28.Qxh6+ Ke7
29.Bd3+ Kd8 30.Qg5+ Ne7 31.Qf6 d4 32.h4 Kc8 33.Qxf7 Qc6 34.Be4 Nd5 35.Bxd5 Qxc2+
36.Kh3 Rxe1 37.Qxb7+ Kd8 38.Qxa6 Rh1+ 39.Kg4 Qc8+ 40.Qxc8+ Kxc8 41.Kf4 Re1
42.Be4 Kd8 43.a4 bxa4 44.bxa4 Ra1 45.Bc6 d3 46.Ke3 Ra3 47.Be4 Rxa4 48.Bxd3 Ke7
49.h5 Ra5 50.h6 Kf6 51.g4 Kg5 52.h7 Ra8 53.Be4 Rf8 54.Kf2 Kh6 55.Kg3 Kg7
56.g5 Kh8 57.Kg4 Rb8 58.f4 Rb6 59.g6 Rd6 60.f5 Rb6 61.Kf4 Rf6 62.Kg5 Ra6
63.Bd5 Rb6 64.Be6 Ra6 65.Kf6 Ra7 66.Bf7 Ra6+ 67.Ke7 Kg7 68.Be6 Kh8 69.Bd7 Rb6
70.Be8 Rb7+ 71.Kf8 Rg7  1/2-1/2

[Event "Arco di Trento op1"]
[Site "Arco di Trento"]
[Date "1997.??.??"]
[Round "8"]
[White "Tischbierek, Raj"]
[Black "Sebastianelli, Diego"]
[Result "1-0"]
[WhiteElo "2490"]
[BlackElo "2345"]

1.e4 c5 2.Nc3 e6 3.Nf3 a6 4.d4 cxd4 5.Nxd4 Qc7 6.Bd3 Nc6 7.Be3 Nf6 8.O-O Ne5
9.h3 Bc5 10.Na4 Ba7 11.c4 d6 12.Rc1 Bd7 13.Nc3 O-O 14.b3 Bc5 15.Be2 Nc6 16.Nc2 Bxe3
17.Nxe3 Ne5 18.Qd4 Rfd8 19.Ng4 Nfxg4 20.hxg4 Qc5 21.Rfd1 Be8 22.g5 Rab8 23.Qd2 Qa7
24.a4 Nc6 25.Qf4 Nd4 26.Rd3 b5 27.cxb5 axb5 28.axb5 Nxe2+ 29.Nxe2 Bxb5 30.Rh3 Bxe2
31.Qh4 Kf8 32.Qxh7 Ke7 33.Qxg7 Rg8 34.Qf6+ Kf8 35.Rhc3 Qd7 36.Rc7 Qe8 37.R1c3 Ra8
38.Qh6+ Rg7 39.g6 Kg8 40.gxf7+  1-0

[Event "EU-ch Rapid (Women)"]
[Site "Athens"]
[Date "1997.??.??"]
[Round "1"]
[White "Jap Tjoen San, Linda"]
[Black "Jahn, Constanze"]
[Result "1/2-1/2"]
[WhiteElo "2175"]
[BlackElo "2180"]

1.e4 c5 2.Nf3 e6 3.Nc3 a6 4.d4 cxd4 5.Nxd4 Qc7 6.f4 Bb4 7.Qf3 Nf6 8.Bd2 Bxc3
9.Bxc3 d5 10.Bd3 dxe4 11.Bxe4 Nxe4 12.Qxe4 O-O 13.O-O Nd7 14.Nf3 Qc5+ 15.Bd4 Qc6
16.Qxc6 bxc6 17.Rad1 Rb8 18.Ne5 Nxe5 19.Bxe5 Rb7 20.Rd6 Rd7 21.Rxd7 Bxd7
22.Rd1 Bc8 23.Rd6 c5 24.Rc6 Bb7 25.Rxc5 f6 26.Bc3 Be4 27.g3 Rd8 28.Kf2 Bxc2
29.Bxf6 Rd2+ 30.Ke3 Rxh2 31.Be5 Bf5 32.Rc8+ Kf7 33.Rc7+ Kf8 34.Bxg7+ Kg8
35.Be5 Rg2 36.Rg7+ Kf8 37.Kf3 Rd2 38.g4 Rd3+ 39.Ke2 Be4 40.Ra7 Rg3 41.g5 Rh3  1/2-1/2

[Event "EU-ch Rapid (Women)"]
[Site "Athens"]
[Date "1997.??.??"]
[Round "6"]
[White "Carvalho, Alda"]
[Black "Jahn, Constanze"]
[Result "0-1"]
[WhiteElo "2130"]
[BlackElo "2180"]

1.e4 c5 2.Nf3 e6 3.d4 cxd4 4.Nxd4 a6 5.Nc3 Qc7 6.Bd3 Bb4 7.Bd2 Nf6 8.O-O Bc5
9.Be3 O-O 10.Qe2 d6 11.f4 b5 12.a3 Qb6 13.e5 Bxd4 14.exf6 Bxe3+ 15.Kh1 g6
16.Qf3 Bb7 17.Qh3 Bd4 18.Qh4 Nd7 19.Ne4 Bxe4 20.Bxe4 Bxf6 21.Qh6 Bg7 22.Qh4 d5
23.Rf3 dxe4 24.Rh3 Nf6 25.g4 Rfd8 26.g5 Nh5  0-1

[Event "AUT-chT9697"]
[Site "Austria"]
[Date "1997.??.??"]
[Round "7"]
[White "Atlas, Valeri"]
[Black "Bischoff, Klaus"]
[Result "1/2-1/2"]
[WhiteElo "2460"]
[BlackElo "2550"]

1.e4 c5 2.Nf3 e6 3.Nc3 a6 4.d4 cxd4 5.Nxd4 Qc7 6.g3 Bb4 7.Ne2 Nf6 8.Bg2 Be7
9.O-O Nc6 10.a4 O-O 11.b3 d6 12.Bb2 b6 13.h3 Bb7 14.g4 Rfd8 15.g5 Ne8 16.h4 d5
17.exd5 Nb4 18.Ng3 Qf4 19.Qe2 Nxd5 20.Qc4  1/2-1/2

[Event "AUT-chT2O 9697"]
[Site "Austria"]
[Date "1997.??.??"]
[Round "8"]
[White "Wallner, Alfred"]
[Black "Boehsmueller, Raimund"]
[Result "0-1"]
[WhiteElo "2185"]
[BlackElo "2310"]

1.e4 e6 2.d4 c5 3.Nf3 cxd4 4.Nxd4 a6 5.Nc3 d6 6.Be2 Nc6 7.Be3 Nf6 8.O-O Bd7
9.f4 Qc7 10.Kh1 b5 11.a3 Na5 12.Qe1 h5 13.Rd1 Ng4 14.Bxg4 hxg4 15.Qg3 Nc4
16.Bc1 Rc8 17.Rd3 Qc5 18.b3 Nxa3 19.b4 Qxb4 20.Na2 Qc4 21.Bxa3 Qxa2 22.Rb3 Rc4
23.Bb2 Qa4 24.Qf2 Qa5 25.e5 Qb6 26.exd6 Bxd6 27.Rd3 Bc6 28.Nf5 Bc5 29.Nxg7+ Kf8
30.Qg3 Rh3 31.Qxg4 Rxd3 32.cxd3 Rc2 33.Nxe6+ fxe6 34.Qg7+ Ke8 35.Qg8+ Kd7
36.Qg7+ Be7 37.Rg1 Qc5 38.h4 Qf5  0-1

[Event "Wch Seniors"]
[Site "Bad Wildbad"]
[Date "1997.??.??"]
[Round "4"]
[White "Solonar, Ion"]
[Black "Darga, Klaus"]
[Result "0-1"]
[WhiteElo "2310"]
[BlackElo "2450"]

1.e4 c5 2.Nf3 e6 3.d4 cxd4 4.Nxd4 a6 5.Nc3 Qc7 6.Be2 b5 7.a3 Bb7 8.f4 Bc5
9.Qd3 Ne7 10.Nb3 Bb6 11.Be3 Bxe3 12.Qxe3 d6 13.O-O Nd7 14.Rad1 O-O 15.Kh1 Nf6
16.Bf3 Rac8 17.Rd2 d5 18.e5 Nf5 19.Qe1 Nd7 20.g4 Ne7 21.h4 Ng6 22.Bg2 Ngxe5
23.fxe5 Nxe5 24.Rd4 Nc4 25.Nd1 Nxb2 26.Nxb2 Qxc2 27.Rb4 Qxb2 28.Na5 Qc2 29.Nxb7 Qc7
30.a4 Qxb7 31.axb5 axb5 32.Qb1 Qe7 33.g5 Rc4 34.Rxc4 bxc4 35.Qb6 Rc8 36.Re1 Qc5
37.Qxc5 Rxc5 38.Kg1 g6 39.Kf2 Kg7 40.Bf1 h6 41.Kf3 hxg5 42.hxg5 Ra5 43.Kf4 Ra2
44.Re2 Rxe2 45.Bxe2 f6 46.Bg4 Kf7 47.Ke3 fxg5 48.Kd4 Kf6 49.Bh3 e5+ 50.Kc3 Ke7
51.Kb4 Kd6  0-1

[Event "Bad Zwesten op"]
[Site "Bad Zwesten"]
[Date "1997.??.??"]
[Round "7"]
[White "Leiber, Bernhard"]
[Black "Kengis, Edvins"]
[Result "0-1"]
[WhiteElo "2215"]
[BlackElo "2585"]

1.e4 c5 2.Nf3 e6 3.d4 cxd4 4.Nxd4 a6 5.Nc3 b5 6.Bd3 Qb6 7.Nb3 Qc7 8.O-O Bb7
9.a4 b4 10.Ne2 Nf6 11.Bf4 e5 12.Be3 d5 13.f3 Nbd7 14.Ng3 g6 15.Qe1 h5 16.exd5 Nxd5
17.Bg5 Bg7 18.f4 h4 19.Ne4 f5 20.fxe5 Bxe5 21.Ned2 h3 22.Nf3 O-O 23.Nxe5 Nxe5
24.Qg3 hxg2 25.Rf2 Nxd3 26.Qxd3 Rae8 27.Rxg2 Nf6 28.Bh6 Bxg2 29.Bxf8 Ba8
30.Bc5 Qc6  0-1

[Event "Baku"]
[Site "Baku"]
[Date "1997.??.??"]
[Round "6"]
[White "Yilmaz, Turham"]
[Black "Gadjilu, Rauf"]
[Result "1-0"]
[WhiteElo "2390"]
[BlackElo "2290"]

1.e4 c5 2.Nf3 e6 3.d4 cxd4 4.Nxd4 a6 5.Nc3 Qc7 6.g3 Nf6 7.Bg2 Be7 8.O-O O-O
9.f4 d6 10.Bh1 Nc6 11.Be3 Bd7 12.a4 Rfe8 13.Nb3 Na5 14.Nxa5 Qxa5 15.g4 Bc6
16.g5 Nd7 17.Qe1 f5 18.Bd2 fxe4 19.Nb5 Qd8 20.Nd4 Nf8 21.Nxc6 bxc6 22.Qxe4 d5
23.Qe3 Bd6 24.Rae1 Ng6 25.Qh3 e5 26.f5 Nf4 27.Bxf4 exf4 28.g6 h6 29.c4 Qf6
30.cxd5 Qxb2 31.Re6 Rxe6 32.dxe6 Qe5 33.Bxc6 Rf8 34.Qb3 Kh8 35.Qd5 Rxf5 36.Rd1 Qxd5
37.Bxd5 Be7 38.Bc4 Kg8 39.Rd8+ Rf8 40.Rd7 Re8 41.Bxa6 Kf8 42.Kg2 Rd8 43.Rc7 Rd6
44.Bc4 Ke8 45.a5 Kd8 46.Rb7 Rd4 47.Bb5  1-0

[Event "Barbera op"]
[Site "Barbera"]
[Date "1997.??.??"]
[Round "3"]
[White "Manso Gil, Angel"]
[Black "Vehi Bach, Victor Manuel"]
[Result "0-1"]
[WhiteElo "2260"]
[BlackElo "2390"]

1.e4 c5 2.Nf3 e6 3.Nc3 a6 4.d4 cxd4 5.Nxd4 Qc7 6.Bd3 Nf6 7.O-O d6 8.f4 Nbd7
9.Nf3 b5 10.Qe1 Bb7 11.Bd2 Be7 12.e5 dxe5 13.fxe5 Ng4 14.Be4 Ndxe5 15.Nxe5 Qxe5
16.Rf4 Bxe4 17.Rxg4 f5 18.Bf4 Qd4+ 19.Be3 Qc4 20.Rxg7 Bf6 21.Nxe4 Qxe4 22.Rc7 Be5
23.Rc5 Rg8 24.Qe2 Bd4 25.Qh5+ Rg6  0-1

[Event "Regionalliga NO9798"]
[Site "Bayern"]
[Date "1997.??.??"]
[Round "?"]
[White "Schamberger, Alfons"]
[Black "Loos, Roland"]
[Result "0-1"]
[WhiteElo "2035"]
[BlackElo "2150"]

1.e4 c5 2.Nf3 e6 3.d4 cxd4 4.Nxd4 a6 5.Nc3 Qc7 6.Bd3 Nc6 7.Be3 b5 8.O-O Bb7
9.Kh1 Nf6 10.a3 b4 11.axb4 Bxb4 12.Qe2 Bxc3 13.bxc3 Nxd4 14.cxd4 Nxe4 15.Bxa6 Bxa6
16.Rxa6 O-O 17.Rxa8 Rxa8 18.c4 Ra4 19.Rc1 Qa5 20.f3 Nd6 21.Qb2 Qb4 22.Qf2 Nxc4
23.Qg3 d5 24.h3 Ra8 25.Bh6 Qf8 26.Bf4 Kh8 27.Rb1 Qe7 28.Kh2 Qa7 29.Bb8 Qd7
30.Bf4 h6 31.Qh4 Kh7 32.Qf2 Qa7 33.Qc2+ Kh8 34.Qd3 Qe7 35.Rb5 Kg8 36.Qb3 Qf6
37.Bg3 g6 38.Rb8+ Rxb8 39.Qxb8+ Kg7 40.Qc7 e5 41.Qb8 Qf5 42.Bf2 e4 43.Qa7 e3
44.Bg3 Kh7  0-1

[Event "Regionalliga NO9798"]
[Site "Bayern"]
[Date "1997.??.??"]
[Round "?"]
[White "Teslia, Vladimir"]
[Black "Menacher, Manfred"]
[Result "1-0"]
[WhiteElo "2190"]
[BlackElo "2300"]

1.e4 c5 2.Nf3 e6 3.d4 cxd4 4.Nxd4 a6 5.Nc3 Qc7 6.g3 Bb4 7.Ne2 Nf6 8.Bg2 Be7
9.O-O O-O 10.Nf4 d6 11.g4 Nc6 12.g5 Nd7 13.Nh5 g6 14.Ng3 Re8 15.f4 b5 16.f5 Bb7
17.f6 Bd8 18.Qg4 Kh8 19.Qh3 Rg8 20.Rf4 Nf8 21.Bd2 Nd4 22.Rh4 Nxc2 23.Rf1 e5
24.Nd5 Bxd5 25.exd5 Qc8 26.Ne4 Bb6+ 27.Kh1  1-0

[Event "Regionalliga SO9798"]
[Site "Bayern"]
[Date "1997.??.??"]
[Round "?"]
[White "Roth, Peter2"]
[Black "Kislinger, Georg"]
[Result "1/2-1/2"]
[WhiteElo "1965"]
[BlackElo "2080"]

1.e4 c5 2.Nf3 e6 3.d4 cxd4 4.Nxd4 a6 5.Nc3 Qc7 6.Bd3 Nf6 7.a4 b6 8.O-O Bb7
9.Nb3 d6 10.f4 Nbd7 11.Qe2 Be7 12.Be3 Nc5 13.Nxc5 bxc5 14.b3 Nd7 15.Rae1 Bh4
16.Bf2 Bf6 17.Nd1 O-O 18.Ne3 Bc3 19.Rd1 g6 20.f5 exf5 21.exf5 Ne5 22.Ng4 Nxg4
23.Qxg4 Rae8 24.fxg6 hxg6 25.Bc4 Kg7 26.Bd5 Bxd5 27.Rxd5 Re5 28.Qf3 Rxd5
29.Qxd5 Be5 30.Rd1 Qe7 31.h3 Qg5 32.Qf3 Re8 33.Rf1 f5 34.Rd1 Re7 35.c4 Qf4
36.Qxf4 Bxf4 37.Re1 Rb7 38.Rb1 Kf6 39.g3 Bd2 40.Rd1 Bc3 41.Rxd6+ Ke5 42.Rxg6 Bd4
43.Rxa6 Rxb3 44.Bxd4+ cxd4 45.Kf2 Rc3 46.Rg6 Rxc4 47.a5 Ra4 48.a6 Ra2+ 49.Kf3 Ra3+
50.Ke2 Ke4 51.Re6+ Kd5 52.Rg6  1/2-1/2

[Event "Landesliga Nord9798"]
[Site "Bayern"]
[Date "1997.??.??"]
[Round "?"]
[White "Zvara, Petr"]
[Black "Schindler, Viktor"]
[Result "1-0"]
[WhiteElo "2400"]
[BlackElo "2040"]

1.e4 c5 2.Nf3 e6 3.d4 cxd4 4.Nxd4 a6 5.Nc3 Qc7 6.Be2 Nf6 7.O-O Nc6 8.Be3 Bb4
9.Nxc6 bxc6 10.Qd4 Bd6 11.f4 e5 12.Qd2 exf4 13.Bxf4 Bxf4 14.Rxf4 O-O 15.Raf1 d6
16.e5 dxe5 17.Rxf6 gxf6 18.Ne4 Kh8 19.Nxf6 Rg8 20.Nxg8 Kxg8 21.Bc4 Qe7 22.Rxf7 Qc5+
23.Rf2+  1-0

[Event "LIB-ch"]
[Site "Beirut"]
[Date "1997.??.??"]
[Round "10"]
[White "Omar, Hytham"]
[Black "Ibrahim, Anthony"]
[Result "1-0"]
[WhiteElo "2205"]
[BlackElo "2175"]

1.e4 c5 2.Nc3 e6 3.Nf3 a6 4.d4 cxd4 5.Nxd4 Qc7 6.Bd3 Nf6 7.O-O d6 8.Kh1 Be7
9.f4 Nbd7 10.Qf3 O-O 11.Bd2 Nc5 12.Rae1 Nxd3 13.cxd3 Nd7 14.Qg3 Bf6 15.Nf3 g6
16.Rc1 Qb8 17.d4 b5 18.e5 dxe5 19.fxe5 Bg7 20.Ne4 Bb7 21.Nd6 Bd5 22.b3 f6
23.Bf4 fxe5 24.dxe5 Qb6 25.h4 Bxf3 26.Rxf3 Qd4 27.Qh3 Nxe5 28.Qxe6+ Nf7 29.Bg3 Ra7
30.Rcf1  1-0

[Event "BEL-chT9697"]
[Site "BEL"]
[Date "1997.??.??"]
[Round "1"]
[White "Lane, Gary W"]
[Black "Van Laatum, Gozewijn"]
[Result "0-1"]
[WhiteElo "2405"]
[BlackElo "2330"]

1.e4 c5 2.Nf3 e6 3.Nc3 a6 4.d4 cxd4 5.Nxd4 b5 6.f4 Bb7 7.Bd3 d6 8.a3 Nd7
9.O-O Ngf6 10.Qf3 Be7 11.Be3 Rc8 12.Qg3 h5 13.h3 h4 14.Qf3 Nc5 15.Rac1 g6
16.b4 Ncd7 17.Nde2 Nb6 18.Qf2 Nc4 19.e5 Nd5 20.Nxd5 Bxd5 21.Bd4 Rh7 22.Ra1 Bb7
23.a4 bxa4 24.Rxa4 Qd7 25.Raa1 Rh5 26.Ra2 Qc6 27.Nc3 dxe5 28.fxe5 Rf5 29.Bxf5 gxf5
30.Rb1 Rd8 31.b5 axb5 32.Nxb5 Bg5 33.c3 Rd5 34.Nd6+ Nxd6 35.exd6 Rxd6 36.Rb6 Qd5
37.Rxd6 Qxd6 38.Rb2 Qc6 39.Qf1 Kf8 40.Qb5 Qe4 41.Bf2 Qxg2+  0-1

[Event "BEL-chT9697"]
[Site "BEL"]
[Date "1997.??.??"]
[Round "5"]
[White "Paavilainen, Jorma"]
[Black "Vanderwaeren, Serge"]
[Result "1/2-1/2"]
[WhiteElo "2330"]
[BlackElo "2315"]

1.e4 c5 2.Nc3 e6 3.Nf3 a6 4.d4 cxd4 5.Nxd4 Qc7 6.Be2 Nf6 7.O-O b5 8.Bf3 e5
9.Nde2 d6 10.Bg5 Nbd7 11.Ng3 h6 12.Bxf6 Nxf6 13.Nh5 Nxh5 14.Bxh5 Be6 15.Qd2 Qc5
16.Nd5 Bxd5 17.Qxd5 Qxd5 18.exd5 g6 19.Be2 Bg7 20.c3  1/2-1/2

[Event "BEL-chT9697"]
[Site "BEL"]
[Date "1997.??.??"]
[Round "6"]
[White "De Wit, Dick"]
[Black "Chuchelov, Vladimir"]
[Result "1/2-1/2"]
[WhiteElo "2305"]
[BlackElo "2490"]

1.e4 c5 2.Nf3 e6 3.d4 cxd4 4.Nxd4 a6 5.Nc3 Qc7 6.Bd3 Nf6 7.O-O Bc5 8.Nb3 Ba7
9.Qe2 d6 10.Bf4 Nbd7 11.Rad1 O-O 12.a4 Ne5 13.Kh1 Ng6 14.Bg5 Nd7 15.f4 f6
16.f5 fxg5 17.fxg6 hxg6 18.Rxf8+ Nxf8 19.e5 d5 20.Re1 Qe7 21.Qg4 Bd7 22.Ne2 Rc8
23.Ng1 Bb6 24.Nf3 Bd8 25.Rf1 Be8 26.g3 Bf7 27.Kg2 Nd7 28.Re1 Nb6 29.Rh1 Nc4
30.Bxc4 Rxc4 31.Nbd4 Qb4 32.b3 Rxc2+ 33.Kh3 Rc8 34.Rf1 Qe7 35.Kg2 Rc3 36.h4 gxh4
37.gxh4 Qd7 38.Qf4 Be7 39.Ng5 Bxg5 40.hxg5 Qe7 41.Rf3 Rxf3 42.Kxf3 Qc5 43.Ke2 Qc8
44.Kd1 Qc3 45.Ke2 Qh3 46.Kf2 Qh1 47.Kg3 Qg1+ 48.Kf3 Qe1 49.Kg2 Qc3 50.Kf2 Qc8
51.Ke2 Kf8 52.Kd1 b6 53.Ke2 Ke7 54.Kd1 Qc5 55.Kd2 Be8 56.Qg4 Bd7 57.Qf4 Qb4+
58.Ke2 Qc5 59.Kd2 b5 60.axb5 axb5 61.Qe3 Qc7 62.Qc3 Qa7 63.Qe3 Qa2+ 64.Nc2 Qb1
65.Qc5+ Ke8 66.Qb6 Qxb3 67.Qb8+ Kf7 68.Qc7 Ke8 69.Qb8+ Kf7 70.Qc7  1/2-1/2

[Event "BEL-chT9697"]
[Site "BEL"]
[Date "1997.??.??"]
[Round "11"]
[White "Ahn, Martin"]
[Black "Meulders, Richard"]
[Result "1/2-1/2"]
[WhiteElo "2320"]
[BlackElo "2295"]

1.e4 c5 2.Nf3 e6 3.d4 cxd4 4.Nxd4 a6 5.Nc3 Qc7 6.g3 Bb4 7.Ne2 Nf6 8.Bg2 Be7
9.O-O Nc6 10.Nf4 O-O 11.g4 d6 12.g5 Nd7 13.Nd3 b5 14.f4 b4 15.Ne2 Nb6 16.Kh1 d5
17.exd5 Nxd5 18.f5 Rd8 19.f6 Bf8 20.fxg7 Bxg7 21.Ng3 Bb7 22.Nh5 Nce7 23.Nf6+ Bxf6
24.gxf6 Ng6 25.Qg4 Rac8 26.Bh6 Qc4 27.Ne5 Qxg4 28.Nxg4 Rc4 29.h3 Rd7 30.Rf2 Rdc7
31.Rg1 Rxc2 32.Rxc2 Rxc2 33.Bg7 h5 34.Nh6+ Kh7 35.Nxf7 Rxg2 36.Rxg2 Ndf4
37.Ng5+ Kg8 38.Bh6 Bxg2+ 39.Kh2 Bd5 40.f7+ Kh8 41.f8=Q+ Nxf8 42.Bxf8 Nd3
43.b3 Kg8 44.Be7 h4 45.a3 bxa3 46.Bxa3 Kg7 47.Be7 Kg6 48.Kg1 Ne5 49.Bd6 Nc6
50.Bf4 Nd4 51.Kf2 Kf5 52.Be3 e5 53.b4 Nc2 54.Bd2 e4 55.Nh7 e3+ 56.Bxe3 Nxe3
57.Kxe3 Bg2 58.Nf8 Bxh3 59.Nd7 Bg2 60.Kf2 Bc6 61.Nc5 Bb5 62.Kg2 Kg4 63.Kh2 Bc4
64.Nd7 Be2 65.Nc5 Kg5 66.Ne4+ Kf4 67.Nc5 Bf1 68.Nb3 Bc4 69.Nc5 Kg4 70.Nd7 Kf4
71.Nc5 Bf1 72.Nb3 Be2 73.Nc5 Kg4 74.Nb3 Bc4 75.Nc5 Bb5 76.Nb3 Bd7 77.Nc5 Bc8
78.Nd3 Kf5 79.Nc5 Kf4 80.Nd3+  1/2-1/2

[Event "BEL-chT9697"]
[Site "BEL"]
[Date "1997.??.??"]
[Round "11"]
[White "Golubev, Mihail"]
[Black "Den Boer, Ber"]
[Result "1-0"]
[WhiteElo "2520"]
[BlackElo "2350"]

1.e4 c5 2.Nf3 e6 3.Nc3 a6 4.d4 cxd4 5.Nxd4 Qc7 6.Bd3 Nc6 7.Be3 Nf6 8.O-O Nxd4
9.Bxd4 Bc5 10.Bxc5 Qxc5 11.Qd2 O-O 12.Kh1 b5 13.f4 b4 14.Na4 Qa5 15.b3 Bb7
16.Rae1 Bc6 17.a3 Rab8 18.e5 Nd5 19.f5 exf5 20.Rxf5 Bxa4 21.bxa4 Ne7 22.Rf4 Qxa4
23.axb4 Ng6 24.Rfe4 Qc6 25.Ra1 Rb6 26.Ra5 d5 27.Re1 Rfb8 28.c3 Ne7 29.Rc5 Qe6
30.c4 Rd8 31.cxd5 Rxd5 32.Qc3 Rxc5 33.bxc5 Rb3 34.Qd4 Nc6 35.Qe4 Qg6 36.e6 fxe6
37.Qxc6 Rxd3 38.Qa8+ Kf7 39.Rf1+ Ke7 40.Qf8+ Kd7 41.h3 Kc6 42.Qc8+ Kd5 43.c6 Qe4
44.Qd7+ Ke5 45.Qxg7+ Kd5 46.Qd7+ Ke5 47.Qc7+ Kd5 48.Qa7 Rxh3+ 49.Kg1 Rc3
50.Rd1+ Kc4 51.Qxa6+ Kb3 52.Qb6+ Ka2 53.Rd2+ Ka3 54.Qa7+ Kb3  1-0

[Event "BEL-chT9697"]
[Site "BEL"]
[Date "1997.??.??"]
[Round "11"]
[White "Van de Plassche, Bas"]
[Black "Chuchelov, Vladimir"]
[Result "0-1"]
[WhiteElo "2325"]
[BlackElo "2490"]

1.e4 c5 2.Nf3 e6 3.d4 cxd4 4.Nxd4 a6 5.Nc3 Qc7 6.Bd3 Nf6 7.f4 Bb4 8.Bd2 d6
9.Qf3 Nbd7 10.O-O Bc5 11.Be3 b5 12.Kh1 Bb7 13.Rad1 O-O 14.a3 Rfe8 15.Qh3 Nf8
16.g4 Qb6 17.g5 Bxd4 18.Bxd4 Qxd4 19.gxf6 Qxf6 20.f5 Rac8 21.fxe6 Qxe6 22.Qf3 Ng6
23.Nd5 Ne5 24.Qg2 Qg6 25.Qh3 Nxd3 26.cxd3 Bxd5 27.exd5 Rc2 28.Rg1 Qf6 29.Rdf1 Qe5  0-1

[Event "Benasque op"]
[Site "Benasque"]
[Date "1997.??.??"]
[Round "7"]
[White "Torrecillas Martinez, Antonio"]
[Black "Guerra, Victor"]
[Result "1-0"]
[WhiteElo "2360"]
[BlackElo "2130"]

1.e4 c5 2.Nc3 e6 3.Nf3 a6 4.d4 cxd4 5.Nxd4 Qc7 6.Bd3 Nf6 7.O-O Nc6 8.Be3 Be7
9.Nb3 O-O 10.f4 d6 11.g4 b5 12.g5 Nd7 13.a3 Bb7 14.Qh5 g6 15.Qh6 f6 16.Qh3 Nd8
17.Nd4 f5 18.exf5 exf5 19.Be2 Re8 20.Bf3 Nb6 21.Rfe1 d5 22.Qg2 Bc5 23.Nxd5 Nxd5
24.Bxd5+ Bxd5 25.Qxd5+ Nf7 26.Ne6 Qd6 27.Qxc5 Rxe6 28.Rad1 Qxc5 29.Bxc5 Rae8
30.Rxe6 Rxe6 31.Rd7 h6 32.gxh6 Nxh6 33.Bd4 Kf8 34.Ra7 Nf7 35.c3 Nd8 36.Kf2 Rc6
37.Ke3 Ne6 38.h4 Nc7 39.Be5 Nd5+ 40.Kd4 Ne7 41.b3 Kf7 42.c4 bxc4 43.bxc4 Ke6
44.c5 Nd5 45.Rg7 Ne7 46.Bd6 Nc8 47.Rxg6+ Kf7 48.h5  1-0

[Event "Benasque op"]
[Site "Benasque"]
[Date "1997.??.??"]
[Round "7"]
[White "Cuesto Busto, Sergio"]
[Black "Bojkovic, Natasa"]
[Result "0-1"]
[WhiteElo "2100"]
[BlackElo "2405"]

1.e4 c5 2.Nf3 e6 3.d4 cxd4 4.Nxd4 a6 5.Nc3 Qc7 6.Be2 b5 7.O-O Bb7 8.a3 Nf6
9.Bd3 Be7 10.Be3 d6 11.Kh1 Nbd7 12.Nb3 Ne5 13.f3 O-O 14.Qe2 Rac8 15.Qf2 d5
16.Bb6 Qb8 17.Nc5 dxe4 18.Bxe4 Nxe4 19.N3xe4 Bxe4 20.Nxe4 f5 21.Ng3 Bh4 22.Ba7 Qc7
23.Bd4 Nc6 24.Bb6 Qb8 25.Qe3 Kh8 26.Ne2 f4 27.Qg1 Ne7 28.Bc5 Qe5 29.Bxe7 Bxe7
30.Nc3 Bc5 31.Rfe1 Qf5 32.Qf1 Qxc2 33.Qe2 Qxe2 34.Rxe2 Rc6 35.Rae1 Re8 36.Nd5 Bd6
37.h4 Kg8 38.Rxe6 Rxe6 39.Rxe6 Kf7 40.Re2 Rc5 41.Nc3 Rh5 42.Ne4 Rxh4+ 43.Kg1 Bc7
44.Ng5+ Kf6 45.Nh3 Rh5 46.Rc2 Bb6+ 47.Kf1 Rc5 48.Rxc5 Bxc5 49.Nxf4 Kf5 50.Nd3 Bd6
51.Ne1 h5 52.Ke2 Kf4 53.Nd3+ Kf5 54.Nf2 Ke5 55.Ne4 Be7 56.Kd3 Kd5 57.Nc3+ Ke5
58.Ne4 g6 59.Ke3 g5 60.Ng3 h4 61.Ne4 Bd8 62.b3 Be7 63.b4 Bd8 64.Kd3 Kd5 65.Nc5 a5
66.Nb3 axb4 67.axb4 Bf6 68.Nd2 Be7 69.Ne4 Ke5 70.Nc5 Bxc5 71.bxc5 Kd5  0-1

[Event "Berliner Sommer"]
[Site "Berlin"]
[Date "1997.??.??"]
[Round "2"]
[White "Groszpeter, Attila"]
[Black "Plump, Detlef"]
[Result "1-0"]
[WhiteElo "2530"]
[BlackElo "2255"]

1.e4 c5 2.Nf3 e6 3.d4 cxd4 4.Nxd4 a6 5.Nc3 Qc7 6.Be2 Nf6 7.O-O Nc6 8.Kh1 Nxd4
9.Qxd4 Bc5 10.Qd3 Be7 11.f4 d6 12.Qg3 O-O 13.e5 Ne8 14.Bd3 g6 15.f5 dxe5
16.fxg6 fxg6 17.Bh6 Rxf1+ 18.Rxf1 Ng7 19.Bxg6 hxg6 20.Qxg6 Bf8 21.Ne4  1-0

[Event "Berliner Sommer"]
[Site "Berlin"]
[Date "1997.??.??"]
[Round "2"]
[White "Hafner, Christian"]
[Black "Siebrecht, Sebastian"]
[Result "0-1"]
[WhiteElo "2035"]
[BlackElo "2370"]

1.e4 c5 2.Nf3 e6 3.d4 cxd4 4.Nxd4 a6 5.Nc3 Qc7 6.Bd3 b5 7.O-O Nf6 8.Bg5 Be7
9.Qe2 d6 10.Kh1 Nbd7 11.f4 Bb7 12.Rae1 h6 13.Bh4 g5 14.fxg5 hxg5 15.Bxg5 O-O-O
16.Kg1 Rdg8 17.h4 d5 18.Nf3 Bc5+ 19.Be3 dxe4 20.Bxb5 exf3 21.Bxd7+ Nxd7  0-1